300 Brazilian Soccer Teams Logos #1 - Statistics

General Stats
  • This quiz has been taken 85 times
  • The average score is 86 of 300
Answer Stats
Picture Answer % Correct
Santos - SP
99%
Flamengo - RJ
96%
Corinthians - SP
95%
Palmeiras - SP
95%
São Paulo - SP
93%
Botafogo - RJ
92%
Fluminense - RJ
92%
Grêmio - RS
90%
Vasco da Gama - RJ
89%
Cruzeiro - MG
85%
Atlético - MG
82%
Red Bull Bragantino - SP
82%
Bahia - BA
81%
Internacional - RS
81%
Fortaleza - CE
78%
Juventude - RS
73%
Athletico - PR
71%
Chapecoense - SC
71%
Goiás - GO
71%
Mirassol - SP
70%
Sport - PE
70%
Vitória - BA
70%
Ceará - CE
68%
Coritiba - PR
68%
Avaí - SC
67%
Remo - PA
67%
Criciúma - SC
66%
Cuiabá - MT
66%
América - MG
64%
Atlético - GO
64%
Botafogo - SP
64%
Paysandu - PA
64%
Grêmio Novorizontino - SP
63%
Botafogo - PB
62%
Guarani - SP
62%
Amazonas - AM
60%
Ponte Preta - SP
60%
Náutico - PE
59%
Operário Ferroviário - PR
59%
Figueirense - SC
58%
Santa Cruz - PE
58%
CRB - AL
56%
Ituano - SP
56%
Volta Redonda - RJ
56%
Portuguesa - SP
55%
Sampaio Corrêa - MA
55%
Vila Nova - GO
55%
Brusque - SC
53%
CSA - AL
53%
Londrina - PR
53%
Caxias - RS
52%
Ferroviária - SP
52%
Brasiliense - DF
51%
ABC - RN
49%
América - RN
49%
Ypiranga - RS
49%
Athletic - MG
48%
Joinville - SC
48%
Paraná - PR
48%
Brasil de Pelotas - RS
47%
Inter de Limeira - SP
47%
Maringá - PR
47%
Tombense - MG
47%
Santo André - SP
45%
Ferroviário - CE
44%
Juventus - SP
44%
Nova Iguaçu - RJ
44%
Portuguesa - RJ
44%
São Bernardo - SP
44%
São Caetano - SP
42%
XV de Piracicaba - SP
42%
Água Santa - SP
41%
Bangu - RJ
41%
Fluminense - PI
41%
Osasco Sporting - SP
41%
Confiança - SE
40%
Retrô - PE
40%
São José - RS
40%
América - RJ
38%
Madureira - RJ
38%
Floresta - CE
37%
Sousa - PB
37%
Gama - DF
36%
Icasa - CE
36%
Luverdense - MT
36%
Operário - MS
36%
Cascavel - PR
34%
Grêmio Osasco Audax - SP
34%
Juventus - SC
34%
Paulista - SP
34%
Treze - PB
34%
Tuna Luso - PA
34%
Moto Club - MA
33%
Portuguesa Santista - SP
33%
Águia de Marabá - PA
32%
Aparecidense - GO
32%
ASA - AL
32%
Barcelona - RO
32%
Boa Vista - RJ
32%
Campinense - PB
32%
Ipatinga - MG
32%
Manaus - AM
32%
Pouso Alegre - MG
32%
Barra - SC
30%
Cruzeiro - AL
30%
Rio Branco - ES
30%
Uberlândia - MG
30%
Altos - PI
29%
Anápolis - GO
29%
Marcílio Dias - SC
29%
Marília - SP
29%
Mixto - MT
29%
Nacional - SP
29%
Rio Branco - AC
29%
Velo Clube - SP
29%
Azuriz - PR
27%
Concórdia - SC
27%
Maranhão - MA
27%
Nacional - AM
27%
Noroeste - SP
27%
São Bento - SP
27%
São Raimundo - RR
27%
Sergipe - SE
27%
Trem - AP
27%
Audax Rio - RJ
26%
Boa Esporte - MG
26%
Cianorte - PR
26%
Guarany de Bagé - RS
26%
Lagarto - SE
26%
Novo Hamburgo - RS
26%
Resende - RJ
26%
River - PI
26%
Salgueiro - PE
26%
Sampaio Corrêa - RJ
26%
São José - SP
26%
Tocantinópolis - TO
26%
Bahia de Feira - BA
25%
Globo - RN
25%
Goiânia - GO
25%
Olaria - RJ
25%
Primavera - SP
25%
Rio Branco - ES
25%
Ceilândia - DF
23%
Hercílio Luz - SC
23%
Nacional - PB
23%
Flamengo - SP
22%
Itabaiana - SE
22%
Jacuipense - BA
22%
Maricá - RJ
22%
Pelotas - RS
22%
São Luiz - RS
22%
Votuporanguense - SP
22%
Capital - DF
21%
Duque de Caxias - RJ
21%
Iguatu - CE
21%
Patrocinense - MG
21%
Aimoré - RS
19%
Atlético - AC
19%
Atlético Alagoinhas - BA
19%
Atlético - CE
19%
Imperatriz - MA
19%
Itabirito - MG
19%
Operário - MT
19%
Porto Velho - RO
19%
Real Brasília - DF
19%
Santa Cruz - RN
19%
União - MT
19%
Villa Nova - MG
19%
Caldense - MG
18%
Desportivo Brasil - SP
18%
Macaé - RJ
18%
Manauara - AM
18%
Maracanã - CE
18%
Santa Catarina - SC
18%
Sãojoseense - PR
18%
São Raimundo - AM
18%
União São João - SP
18%
Anapolina - GO
16%
Democrata de S.L. - MG
16%
Grêmio Prudente - SP
16%
Guarany de Sobral - CE
16%
Independência - AC
16%
Ji-Paraná - RO
16%
Linense - SP
16%
Palmas - TO
16%
Parnahyba - PI
16%
Potiguar - RN
16%
Serra - ES
16%
Afogados - PE
15%
Avenida - RS
15%
Cabofriense - RJ
15%
Camboriú - SC
15%
Central - PE
15%
CRAC - GO
15%
Humaitá - AC
15%
Náutico - RR
15%
Real Noroeste - ES
15%
São Raimundo - PA
15%
Taubaté - SP
15%
URT - MG
15%
Americano - RJ
14%
Baré - RR
14%
Brasília - DF
14%
CSE - AL
14%
Democrata de G.V. - MG
14%
Desportiva Ferroviária - ES
14%
Galvez - AC
14%
Goianésia - GO
14%
Monte Azul - SP
14%
Princesa de Solimões - AM
14%
Rio Grande - RS
14%
São Francisco - PA
14%
Ypiranga - AP
14%
Barcelona - BA
12%
Esportivo - RS
12%
Francana - SP
12%
GAS - RR
12%
Macapá - AP
12%
Maguary - PE
12%
4 de Julho - PI
11%
Cametá - PA
11%
Carlos Renaux - SC
11%
Coruripe - AL
11%
Costa Rica - MS
11%
Fast Clube - AM
11%
Galo Maringá - PR
11%
Glória - RS
11%
Horizonte - CE
11%
Juazeirense - BA
11%
Oratório - AP
11%
Real Ariquemes - RO
11%
Santa Cruz - RS
11%
Vitória - ES
11%
Araguaína - TO
10%
Betim - MG
10%
Comercial - MS
10%
Galícia - BA
10%
Goytacaz - RJ
10%
Grêmio Anápolis - GO
10%
Iporá - GO
10%
Jaguar - PE
10%
Laguna - RN
10%
North - MG
10%
Porto Vitória - ES
10%
Primavera - MT
10%
Rio Negro - AM
10%
São Francisco - AC
10%
Trindade - GO
10%
Tuntum - MA
10%
Águia Negra - MS
8%
Alecrim - RN
8%
Bragantino - PA
8%
Castanhal - PA
8%
Caucaia - CE
8%
IAPE - MA
8%
Jequié - BA
8%
Monsoon - RS
8%
Nova Venécia - ES
8%
Penedense - AL
8%
Pérolas Negras - RJ
8%
Petrolina - PE
8%
Piauí - PI
8%
Rio Branco - PR
8%
Uberaba - MG
8%
Vitória das Tabocas - PE
8%
Colo Colo - BA
7%
Foz do Iguaçu - PR
7%
Gênus - RO
7%
Itabuna - BA
7%
Jacobina - BA
7%
Jataiense - GO
7%
Juventude - MA
7%
Picos - PI
7%
Próspera - SC
7%
Santana - AP
7%
São Paulo Crystal - PB
7%
Ação - MT
5%
Andirá - AC
5%
Aquidauanense - MS
5%
Cordino - MA
5%
Dorense - SE
5%
Dourados - MS
5%
Falcon - SE
5%
Interporto - TO
5%
Jaraguá - GO
5%
Nova Mutum - MT
5%
Pacajus - CE
5%
Paragominas - PA
5%
Penarol - AM
5%
Quixadá - CE
5%
Sinop - MT
5%
Timon - MA
5%
Capital - TO
4%
Confiança - PB
4%
Crato - CE
4%
Goiatuba - GO
4%
Independente - AP
4%
Itacoatiara - AM
4%
Murici - AL
4%
União - TO
4%
No matching quizzes found
Score Distribution
Percent of People with Each Score
Percentile by Number Answered
Your Score History
You have not taken this quiz